000 00742nam a2200277Ia 4500
001 Z_2960
003 CHAP
008 220113s1990 xx 000 0 und d
010 _a166043
040 _cCHAP
082 _a636.4089 S5
100 _aSmith, W. J.
_9107148
245 _aColor atlas of diseases and disorders of the pig /
_cby W. J. Smith, D. J. Taylor and R. H. C. Penny
260 _aAmes :
_bIowa State University Press,
_c1990
300 _a192 p. :
_bilus.
440 _a
500 _a
503 _a163168
650 _aGanado porcino
_xenfermedades I. Taylor, D. J. II. Penny, R. H. C. III. t.
_9140092
901 _a636.4089 S5
902 _aA
910 _a1990
942 _c1
942 _cc1
999 _c166043
_d166043